| 000 | 00600nam a22001937a 4500 | ||
|---|---|---|---|
| 005 | 20250625153036.0 | ||
| 008 | 250625b |||||||| |||| 00| 0 eng d | ||
| 020 | _a9780618549788 | ||
| 050 |
_aLB 2369 .A 75 2006 _b1 |
||
| 100 | _aARKIN MARIAN | ||
| 245 | _aRESEARCH PAPERS:A GUIDE AND WORKBOOK | ||
| 250 | _a2 | ||
| 260 |
_aBOSTON, _bHOUGHTON MIFFLIN COMPANY, _c2006, |
||
| 300 | _aXViii, 382 P, ILL | ||
| 500 | _aINCLUDES BIBLIOGRAPHICAL REFERENCES AND INDEX | ||
| 650 | _aReport writing Handbooks, manuals, Research Handbooks, manuals | ||
| 700 | _aMACHESKI CECILIA | ||
| 942 |
_2lcc _cBK |
||
| 999 |
_c215779 _d215779 |
||